Arca ambiental (Registro nro. 16629)

Detalles MARC
000 -CABECERA
Campo de control 004950000a22001930004500
090 ## - CLASIFICACIÓN LOCAL
Colección MM
Consecutivo 00245
020 ## - ISBN
ISBN 9586982009
044 ## - PAÍS DE PUBLICACIÓN
País de publicación
041 0# - IDIOMA
Código de idioma para texto/pista de sonido o título separado
100 1# - ASIENTO PRINCIPAL--NOMBRE PERSONAL
Nombre personal Bernal, Henry Yesid
110 1# - ASIENTO PRINCIPAL--NOMBRE CORPORATIVO
Nombre corporativo o de jurisdicción como elemento de entrada Convenio Andres Bello
245 10 - MENCION DE TITULO
Título Arca ambiental
260 ## - PUBLICACION, DISTRIBUCION, ETC. (PIE DE IMPRENTA)
Lugar de publicación, distribución, etc. Bogotá
Nombre del editor, distribuidor, etc. CAB
Fecha de publicación, distribución, etc. 2007
300 ## - DESCRIPCION FISICA
Extensión CD-ROM
700 1# - ASIENTO SECUNDARIO - NOMBRE PERSONAL
Nombre personal Marin R., Pilar
700 1# - ASIENTO SECUNDARIO - NOMBRE PERSONAL
Nombre personal Acero D., Luis Enrique
700 1# - ASIENTO SECUNDARIO - NOMBRE PERSONAL
Nombre personal Rodríguez Montenegro, Leonor
942 ## - ELEMENTOS ADICIONALES (KOHA)
Tipo de ítem CD-ROM
Existencias
Withdrawn status Lost status Damaged status No para préstamo Colección Ubicación Permanente Ubicación actual Fecha de adquisición Total Checkouts Número topográfico Inventario / Código de Barras Date last seen Ejemplar Price effective from Forma de adquisición Tipo de material
        Audiovisual Villa de Leyva Villa de Leyva 11/05/2007   MM 00245 024074 25/03/2015 1 25/03/2015   CD-ROM